[Event "SR 2. liga A 2016/2017"]
[Site "?"]
[Date "2017.11.26"]
[Round "4.6"]
[White "Bincik, Pavol"]
[Black "Banasova, Katarina"]
[Result "0-1"]
[WhiteElo "1950"]
[BlackElo "2137"]
[PlyCount "118"]
[EventDate "2017.??.??"]
[WhiteTeam "SK Lowe Piestany"]
[BlackTeam "SK Modra B"]

1. d4 Nf6 2. c4 e6 3. Nf3 b6 4. Nc3 Bb7 5. Bg5 Be7 6. e3 d6 7. Be2 Nbd7 8. O-O
O-O 9. Rc1 c5 10. Re1 Re8 11. b3 a6 12. Bh4 Qc7 13. Bg3 Rad8 14. Qc2 Qc6 15.
Red1 cxd4 16. exd4 d5 17. Nd2 dxc4 18. Bf3 Qc8 19. Bxb7 cxb3 20. Qxb3 Qxb7 21.
Ne2 Rc8 22. Rxc8 Rxc8 23. Rc1 Nd5 24. Nc4 h6 25. h3 b5 26. Kh2 Qa8 27. Ne3 Rxc1
28. Nxc1 Qc6 29. Nxd5 Qxd5 30. Qxd5 exd5 31. Bc7 Kf8 32. Kg3 Ke8 33. Kf3 Nf8
34. Nb3 Ne6 35. Bb6 Kd7 36. Na5 Bb4 37. Ke3 Bc3 38. f4 g5 39. g3 gxf4+ 40. gxf4
Bxa5 41. Bxa5 Ng7 42. Bb6 Nf5+ 43. Kf3 h5 44. Bc5 Ke6 45. a3 Kf6 46. Bb6 Nd6
47. Kg3 Kg6 48. Ba7 Kf5 49. Kh4 Kg6 50. Kg3 Ne4+ 51. Kf3 a5 52. Bc5 Nxc5 53.
dxc5 Kf5 54. Ke3 Ke6 55. Kd4 b4 56. axb4 axb4 57. f5+ Kd7 58. Kxd5 b3 59. c6+
Kc7 0-1

[Event "SR 2. liga A 2016/2017"]
[Site "?"]
[Date "2017.11.26"]
[Round "4.6"]
[White "Bartos, Miloslav"]
[Black "Mihalik, Marek"]
[Result "1-0"]
[WhiteElo "2129"]
[BlackElo "2016"]
[PlyCount "81"]
[EventDate "2017.??.??"]
[WhiteTeam "SK Modra B"]
[BlackTeam "SK Lowe Piestany"]

1. e4 c5 2. Nf3 d6 3. Bb5+ Bd7 4. Bxd7+ Nxd7 5. b3 Ngf6 6. Qe2 e6 7. Bb2 Be7 8.
Nc3 O-O 9. a4 a6 10. O-O Qc7 11. d3 Rfd8 12. Rfe1 Ne5 13. Nxe5 dxe5 14. Nd1
Rac8 15. a5 Nd7 16. Ne3 Nb8 17. Nc4 Nc6 18. Ra4 Rf8 19. Bc3 Rce8 20. Qh5 g6 21.
Qh6 Bd6 22. Re3 f5 23. Rg3 Rf7 24. exf5 Bf8 25. Rxg6+ hxg6 26. Qxg6+ Bg7 27. f6
Nd4 28. Bxd4 exd4 29. g3 Kf8 30. fxg7+ Rxg7 31. Qf6+ Kg8 32. Nd2 Qc6 33. Ne4
Rf8 34. Qh6 Rf5 35. Rc4 Kf7 36. b4 b6 37. axb6 Qxb6 38. bxc5 Qb1+ 39. Kg2 Rd5
40. c3 Qb8 41. Qf6+ 1-0

[Event "SR 2. liga A 2016/2017"]
[Site "?"]
[Date "2017.11.26"]
[Round "4.6"]
[White "Manak, Jozef"]
[Black "Bochnicka, Vladimir ml"]
[Result "0-1"]
[WhiteElo "1969"]
[BlackElo "1954"]
[PlyCount "78"]
[EventDate "2017.??.??"]
[WhiteTeam "SK Lowe Piestany"]
[BlackTeam "SK Modra B"]

1. d4 Nf6 2. Bf4 g6 3. Nc3 Bg7 4. e4 d6 5. Qd2 O-O 6. Bh6 e5 7. Bxg7 Kxg7 8. d5
Nbd7 9. h4 Nc5 10. f3 h6 11. O-O-O a6 12. Nge2 b5 13. g4 Nfd7 14. Ng3 Nb6 15.
Be2 Bd7 16. Rdf1 b4 17. Nd1 a5 18. f4 c6 19. h5 g5 20. fxe5 cxd5 21. exd6 Rc8
22. Kb1 dxe4 23. Qd4+ Kg8 24. Ne3 Ne6 25. Qxe4 Bc6 26. Qe5 Nd7 27. Qf5 Nd4 28.
Qd3 Nxe2 29. Ngf5 Nf4 30. Rxf4 gxf4 31. Ne7+ Kh8 32. Qd4+ f6 33. Qxf4 Rf7 34.
Qxh6+ Rh7 35. Qg6 Bxh1 36. N3f5 Qe8 37. Nxc8 Qxc8 38. Ne7 Qf8 39. Qf5 Rxe7 0-1

[Event "SR 2. liga A 2016/2017"]
[Site "?"]
[Date "2017.11.26"]
[Round "4.6"]
[White "Sobek, Michal"]
[Black "Slaba, Andrea"]
[Result "1/2-1/2"]
[WhiteElo "1880"]
[BlackElo "1845"]
[PlyCount "158"]
[EventDate "2017.??.??"]
[WhiteTeam "SK Modra B"]
[BlackTeam "SK Lowe Piestany"]

1. Nf3 g6 2. g3 Bg7 3. Bg2 Nf6 4. O-O O-O 5. c4 d6 6. Nc3 e5 7. d4 Nbd7 8. dxe5
dxe5 9. Qc2 Qe7 10. Bg5 c6 11. Qd2 Qe6 12. b3 Nc5 13. Qe3 Ncd7 14. h3 Ne8 15.
Bh6 f6 16. Bxg7 Kxg7 17. Rad1 Nb6 18. Ne4 Nd7 19. Rd2 f5 20. Nc5 Nxc5 21. Qxc5
e4 22. Nd4 Qf6 23. Rfd1 Nc7 24. Qb4 b6 25. Nc2 c5 26. Qa3 Ne6 27. Ne3 Bb7 28.
Rd7+ Rf7 29. Qa4 Nd4 30. Rxf7+ Qxf7 31. Kf1 Bc6 32. Qa3 Rf8 33. Qb2 Qf6 34. Nd5
Bxd5 35. cxd5 f4 36. gxf4 Qxf4 37. e3 Qxe3 38. Re1 Qd3+ 39. Kg1 Kg8 40. Rxe4
Nf5 41. Qe2 Qxe2 42. Rxe2 Kf7 43. d6 Rd8 44. Bd5+ Kf8 45. Be4 Nxd6 46. Bd3 Kf7
47. Kg2 Nf5 48. Bc4+ Kf6 49. Re6+ Kg5 50. a4 Rd1 51. a5 Rd6 52. axb6 axb6 53.
Re5 Kf4 54. Re8 Rd2 55. Rf8 Kg5 56. Re8 Kf4 57. Rf8 Kg5 58. Re8 Nd6 59. Re3
Nxc4 60. bxc4 Rb2 61. Kg3 Rb4 62. Re4 Kf5 63. f3 Ra4 64. Kf2 Ra2+ 65. Kg3 Rd2
66. Re3 Rd6 67. h4 h6 68. Re2 g5 69. hxg5 hxg5 70. Re3 Rd7 71. Rb3 Rd6 72. Re3
Rd4 73. Rb3 Rxc4 74. Rxb6 g4 75. fxg4+ Rxg4+ 76. Kf3 Rc4 77. Ke3 Ke5 78. Kd3
Kd5 79. Rd6+ Kxd6 1/2-1/2

[Event "SR 2. liga A 2016/2017"]
[Site "?"]
[Date "2017.11.26"]
[Round "4.6"]
[White "Podjavorinsky, Michal"]
[Black "Mruskovic, Radoslav"]
[Result "0-1"]
[WhiteElo "1885"]
[BlackElo "2018"]
[PlyCount "90"]
[EventDate "2017.??.??"]
[WhiteTeam "SK Lowe Piestany"]
[BlackTeam "SK Modra B"]

1. Nf3 c5 2. g3 Nc6 3. Bg2 Nf6 4. d3 d5 5. O-O e5 6. Nbd2 Be7 7. e4 d4 8. Nc4
Qc7 9. h3 b5 10. Ncd2 h5 11. Nh4 g6 12. Nb1 c4 13. f4 Nd7 14. a4 cxd3 15. cxd3
bxa4 16. Na3 Bxh4 17. gxh4 Nc5 18. Nc4 Ba6 19. fxe5 Bxc4 20. dxc4 Nxe5 21. Bg5
Ne6 22. Bf6 O-O 23. Qd2 Kh7 24. Bxe5 Qxe5 25. Rxa4 d3 26. Kh1 Nc5 27. Ra5 Nxe4
28. Rxe5 Nxd2 29. Rd1 Nxc4 30. Rc5 Nxb2 31. Rd2 Rab8 32. Bf1 Kg7 33. Rd5 Rfc8
34. Bxd3 Nxd3 35. R5xd3 Rc4 36. Rd7 Rxh4 37. Kg2 Ra4 38. Rf2 Rf8 39. Rb2 Ra3
40. Rbb7 a5 41. Ra7 h4 42. Rd4 Rb8 43. Rd2 Rbb3 44. Rf2 Rg3+ 45. Kf1 Ra1+ 0-1

[Event "SR 2. liga A 2016/2017"]
[Site "?"]
[Date "2017.11.26"]
[Round "4.6"]
[White "Sustak, Roman"]
[Black "Mihalik, Anton"]
[Result "0-1"]
[WhiteElo "1936"]
[BlackElo "1943"]
[PlyCount "74"]
[EventDate "2017.??.??"]
[WhiteTeam "SK Modra B"]
[BlackTeam "SK Lowe Piestany"]

1. Nf3 Nf6 2. d4 d5 3. c4 e6 4. Nc3 Be7 5. Bg5 Nbd7 6. e3 a6 7. Bd3 dxc4 8.
Bxc4 b5 9. Be2 Bb7 10. a3 Rc8 11. b4 O-O 12. O-O Ne4 13. Nxe4 Bxe4 14. Bxe7
Qxe7 15. Nd2 Bb7 16. e4 e5 17. d5 c6 18. dxc6 Rxc6 19. Rc1 Rfc8 20. Rxc6 Rxc6
21. Qb1 Nb6 22. Bd1 Qc7 23. Bb3 g6 24. Qb2 Rc3 25. Re1 Kg7 26. f4 Nd7 27. Kh1
f6 28. Be6 Rc2 29. Qb1 Rxd2 30. f5 Qd6 31. h3 Nf8 32. Bb3 gxf5 33. Re3 Bxe4 34.
Rg3+ Ng6 35. Qg1 f4 36. Qa7+ Qd7 37. Qxd7+ Rxd7 0-1

[Event "SR 2. liga A 2016/2017"]
[Site "?"]
[Date "2018.01.13"]
[Round "5.1"]
[White "Schwarz, Dusan"]
[Black "Bednar, Jan"]
[Result "1-0"]
[WhiteElo "2287"]
[BlackElo "2012"]
[PlyCount "65"]
[EventDate "2017.??.??"]
[WhiteTeam "SK Doprastav Bratislava A"]
[BlackTeam "SK Doprastav Bratislava B"]

1. d4 Nf6 2. c4 e6 3. Nc3 Bb4 4. f3 c5 5. d5 exd5 6. cxd5 d6 7. e4 O-O 8. Bd3
Nbd7 9. Nge2 a6 10. a4 Rb8 11. O-O Re8 12. g4 h6 13. Ng3 Ne5 14. Be2 c4 15. Be3
b5 16. axb5 axb5 17. Kh1 Bc5 18. Bxc5 dxc5 19. Nf5 b4 20. Na4 Qa5 21. Nd6 Bd7
22. Nxc4 Nxc4 23. Bxc4 b3 24. Nc3 Qb4 25. Qd3 Bxg4 26. fxg4 Nxg4 27. Qe2 Ne5
28. Bb5 Re7 29. Ra4 Reb7 30. Rxb4 cxb4 31. Bc6 bxc3 32. Bxb7 Rxb7 33. bxc3 1-0

[Event "SR 2. liga A 2016/2017"]
[Site "?"]
[Date "2018.01.13"]
[Round "5.1"]
[White "Macka, Oto"]
[Black "Sahidi, Samir"]
[Result "0-1"]
[WhiteElo "2029"]
[BlackElo "2243"]
[PlyCount "58"]
[EventDate "2017.??.??"]
[WhiteTeam "SK Doprastav Bratislava B"]
[BlackTeam "SK Doprastav Bratislava A"]

1. e4 e5 2. Nf3 Nc6 3. Bc4 Bc5 4. O-O Nf6 5. d3 d6 6. c3 a6 7. b4 Ba7 8. a4 h6
9. Be3 O-O 10. Bxa7 Rxa7 11. Re1 Bg4 12. h3 Bh5 13. Nbd2 Ra8 14. Qb3 Ne7 15. d4
exd4 16. Nxd4 c6 17. Bf1 Re8 18. a5 Qc7 19. Re3 Rad8 20. Rae1 Bg6 21. N4f3 d5
22. e5 Ne4 23. Nxe4 dxe4 24. Nh4 Bh7 25. e6 f5 26. g3 Nd5 27. Bc4 Nxe3 28. Rxe3
Re7 29. Ng2 g5 0-1

[Event "SR 2. liga A 2016/2017"]
[Site "?"]
[Date "2018.01.13"]
[Round "5.1"]
[White "Cech, Dominik"]
[Black "Gzib, David"]
[Result "1-0"]
[WhiteElo "2174"]
[BlackElo "1871"]
[PlyCount "67"]
[EventDate "2017.??.??"]
[WhiteTeam "SK Doprastav Bratislava A"]
[BlackTeam "SK Doprastav Bratislava B"]

1. e4 c5 2. Nf3 Nc6 3. d4 cxd4 4. Nxd4 g6 5. c4 Bg7 6. Be3 Nf6 7. Nc3 Ng4 8.
Qxg4 Nxd4 9. Qd1 e5 10. Nb5 Nxb5 11. cxb5 Qe7 12. Qd2 O-O 13. Bc4 d6 14. O-O
Rd8 15. Rac1 Be6 16. Bd5 Bxd5 17. Qxd5 Rd7 18. Rc3 Qe6 19. Rfc1 Qxd5 20. exd5
f5 21. Rc8+ Rxc8 22. Rxc8+ Kf7 23. Bxa7 e4 24. b3 Bb2 25. a4 Kf6 26. Rc2 Ba1
27. b6 Bd4 28. Rc4 e3 29. fxe3 Bxe3+ 30. Kf1 Bh6 31. a5 Bd2 32. b4 Ke5 33. Rc7
Rd8 34. a6 1-0

[Event "SR 2. liga A 2016/2017"]
[Site "?"]
[Date "2018.01.13"]
[Round "5.1"]
[White "Helbich, Branislav"]
[Black "Polacik, Igor"]
[Result "0-1"]
[WhiteElo "1973"]
[BlackElo "2177"]
[PlyCount "62"]
[EventDate "2017.??.??"]
[WhiteTeam "SK Doprastav Bratislava B"]
[BlackTeam "SK Doprastav Bratislava A"]

1. e4 c5 2. Nf3 Nc6 3. d4 cxd4 4. Nxd4 g6 5. Nxc6 bxc6 6. Qd4 Nf6 7. e5 Nd5 8.
e6 Nf6 9. exf7+ Kxf7 10. Nc3 Bg7 11. Qc4+ e6 12. Bf4 Nd5 13. Nxd5 exd5 14. Qb3
Re8+ 15. Be3 a5 16. O-O-O a4 17. Qa3 Rb8 18. c3 Ra8 19. Bd3 Qa5 20. Bc5 Ba6 21.
g3 Bxd3 22. Rxd3 Re4 23. Re3 Bh6 24. f4 Rxe3 25. Bxe3 Bf8 26. b4 axb3 27. Qxb3
Qxa2 28. Qxa2 Rxa2 29. Kb1 Re2 30. Bc1 Ke6 31. g4 Bg7 0-1

[Event "SR 2. liga A 2016/2017"]
[Site "?"]
[Date "2018.01.13"]
[Round "5.1"]
[White "Orosi, Peter"]
[Black "Goga, Frantisek"]
[Result "1/2-1/2"]
[WhiteElo "2093"]
[BlackElo "1872"]
[PlyCount "68"]
[EventDate "2017.??.??"]
[WhiteTeam "SK Doprastav Bratislava A"]
[BlackTeam "SK Doprastav Bratislava B"]

1. Nf3 Nf6 2. d4 g6 3. g3 Bg7 4. Bg2 O-O 5. O-O d6 6. c4 c5 7. Nc3 Nc6 8. h3
cxd4 9. Nxd4 Nxd4 10. Qxd4 Rb8 11. Qxa7 Be6 12. b3 Ne4 13. Bxe4 Bxc3 14. Bh6
Bxh3 15. Bxf8 Kxf8 16. Bxb7 Qc7 17. Qe3 Qxb7 18. Qh6+ Kg8 19. Qxh3 Bxa1 20.
Rxa1 Qe4 21. Qf1 h5 22. Qd1 h4 23. Qd3 Qe5 24. Rd1 hxg3 25. fxg3 Qb2 26. Qd2
Qe5 27. Kf2 Qf5+ 28. Qf4 Qc2 29. Rh1 Qxa2 30. Qh6 Qa7+ 31. e3 Qa2+ 32. Kf3 Qa8+
33. Kf2 Qa2+ 34. Kf3 Qa8+ 1/2-1/2

[Event "SR 2. liga A 2016/2017"]
[Site "?"]
[Date "2018.01.13"]
[Round "5.1"]
[White "Henc, Marian"]
[Black "Petrik, Karol"]
[Result "0-1"]
[WhiteElo "1928"]
[BlackElo "2079"]
[PlyCount "42"]
[EventDate "2017.??.??"]
[WhiteTeam "SK Doprastav Bratislava B"]
[BlackTeam "SK Doprastav Bratislava A"]

1. c4 g6 2. g3 Bg7 3. Bg2 Nf6 4. Nc3 O-O 5. d4 c5 6. d5 d6 7. Nf3 a6 8. O-O
Nbd7 9. Rb1 b5 10. cxb5 axb5 11. Nxb5 Rxa2 12. Nc3 Ra8 13. e4 Ba6 14. Re1 Ng4
15. h3 Nge5 16. Nxe5 Nxe5 17. f4 Nd3 18. e5 Nxe1 19. Qxe1 Bd3 20. Bd2 Bxb1 21.
Qxb1 dxe5 0-1

[Event "SR 2. liga A 2016/2017"]
[Site "?"]
[Date "2018.01.13"]
[Round "5.1"]
[White "Krajnak, Robert"]
[Black "Vinarcik, Jan"]
[Result "1-0"]
[WhiteElo "2014"]
[BlackElo "1884"]
[PlyCount "50"]
[EventDate "2017.??.??"]
[WhiteTeam "SK Doprastav Bratislava A"]
[BlackTeam "SK Doprastav Bratislava B"]

1. c4 Nf6 2. Nc3 d5 3. cxd5 Nxd5 4. e3 e6 5. Nf3 Be7 6. d4 Nd7 7. Bc4 c6 8. O-O
N7b6 9. Bb3 O-O 10. Qe2 Bf6 11. e4 Nxc3 12. bxc3 g6 13. a4 Nd7 14. Rd1 Re8 15.
e5 Be7 16. a5 Qc7 17. Ng5 Nf8 18. Qf3 Bd8 19. Ne4 Be7 20. Nf6+ Bxf6 21. exf6
Nd7 22. Bf4 Qd8 23. Be5 Kh8 24. Qf4 Rf8 25. Qh6 Nxf6 1-0

[Event "SR 2. liga A 2016/2017"]
[Site "?"]
[Date "2018.01.13"]
[Round "5.1"]
[White "Halasz, Michal"]
[Black "Machalec, Vladimir"]
[Result "0-1"]
[WhiteElo "1652"]
[BlackElo "1923"]
[PlyCount "54"]
[EventDate "2017.??.??"]
[WhiteTeam "SK Doprastav Bratislava B"]
[BlackTeam "SK Doprastav Bratislava A"]

1. Nf3 Nf6 2. d4 g6 3. c4 Bg7 4. Nc3 O-O 5. e4 d6 6. Be2 Nbd7 7. O-O e5 8. d5
Nc5 9. Qc2 a5 10. h3 Nh5 11. Re1 f5 12. Be3 fxe4 13. Bxc5 exf3 14. Bxf3 dxc5
15. Be4 Nf4 16. Ne2 Nxe2+ 17. Rxe2 Bf5 18. f3 Qg5 19. Qd2 Qxd2 20. Rxd2 Bxe4
21. fxe4 Rf4 22. Re2 a4 23. Rb1 Bf8 24. Rf1 Rxf1+ 25. Kxf1 Bd6 26. Rf2 Rf8 27.
Rxf8+ Kxf8 0-1

[Event "SR 2. liga A 2016/2017"]
[Site "?"]
[Date "2018.01.13"]
[Round "5.2"]
[White "Kostolansky, Sebastian Lukas"]
[Black "Janos, Martin"]
[Result "0-1"]
[WhiteElo "2250"]
[BlackElo "2202"]
[PlyCount "116"]
[EventDate "2017.??.??"]
[WhiteTeam "SK Slovan Bratislava E"]
[BlackTeam "SK Slovan Bratislava D"]

1. e4 Nc6 2. Nf3 d5 3. exd5 Qxd5 4. Nc3 Qd6 5. Bc4 Bf5 6. d3 a6 7. Be3 Nf6 8.
Qd2 e6 9. O-O-O O-O-O 10. Rhe1 Bg4 11. d4 Bxf3 12. gxf3 Nd5 13. Ne4 Qb4 14. Qe2
h6 15. f4 Nb6 16. Bb3 Na5 17. Kb1 Nxb3 18. cxb3 Nd5 19. Rc1 g6 20. Rc4 Qb6 21.
Rec1 Bd6 22. Qf3 Kb8 23. h4 h5 24. Ng5 Rd7 25. Qe4 Re8 26. Ka1 c6 27. Nf3 Qd8
28. Ne5 Bxe5 29. fxe5 f5 30. exf6 Qxf6 31. Bg5 Qf5 32. f3 Rf7 33. Re1 Ka7 34.
a3 Nc7 35. Rc5 Qxf3 36. Qxg6 Rd7 37. Ka2 Rf8 38. Rce5 Rd5 39. Rxd5 Nxd5 40.
Qxe6 Qg3 41. Be7 Rf2 42. Bc5+ b6 43. Re3 Qh2 44. Qd7+ Nc7 45. Qxc7+ Qxc7 46.
Re7 Qxe7 47. Bxe7 Rf4 48. b4 Rxd4 49. Kb3 Rg4 50. a4 Kb7 51. a5 b5 52. Kc3 Kc7
53. Bg5 Kd6 54. Bf6 Kd5 55. Be7 Rg3+ 56. Kd2 Kc4 57. Bc5 Kb3 58. Bd4 Kxb4 0-1

[Event "SR 2. liga A 2016/2017"]
[Site "?"]
[Date "2018.01.13"]
[Round "5.2"]
[White "Kolcak, Marek"]
[Black "Jancovic, Peter"]
[Result "0-1"]
[WhiteElo "2186"]
[BlackElo "2279"]
[PlyCount "92"]
[EventDate "2017.??.??"]
[WhiteTeam "SK Slovan Bratislava D"]
[BlackTeam "SK Slovan Bratislava E"]

1. e4 c5 2. Nf3 d6 3. d4 cxd4 4. Nxd4 Nf6 5. Nc3 a6 6. Be3 e5 7. Nb3 Be7 8. f3
O-O 9. Qd2 Be6 10. O-O-O Nbd7 11. g4 Nb6 12. g5 Nh5 13. Kb1 Rc8 14. Na5 Qc7 15.
Qf2 Na4 16. Nxa4 Qxa5 17. b3 Nf4 18. Nb6 Rc6 19. Bxf4 exf4 20. Nd5 Bxd5 21.
Rxd5 Rc5 22. h4 Rxd5 23. exd5 Re8 24. Bd3 Bd8 25. Be4 Bb6 26. Qe1 Qxe1+ 27.
Rxe1 Re5 28. Re2 g6 29. c4 f6 30. gxf6 Kf7 31. b4 Kxf6 32. Rc2 Be3 33. c5 dxc5
34. bxc5 Ke7 35. Rb2 Bxc5 36. Rxb7+ Ke8 37. Rxh7 Rxe4 38. fxe4 f3 39. Rh8+ Kf7
40. h5 Kg7 41. Rc8 f2 42. h6+ Kf6 43. Rxc5 f1=Q+ 44. Rc1 Qd3+ 45. Kb2 Qd2+ 46.
Kb1 Qb4+ 0-1

[Event "SR 2. liga A 2016/2017"]
[Site "?"]
[Date "2018.01.13"]
[Round "5.2"]
[White "Zetocha, Adrian"]
[Black "Fabry, Robert"]
[Result "1-0"]
[WhiteElo "2062"]
[BlackElo "2102"]
[PlyCount "110"]
[EventDate "2017.??.??"]
[WhiteTeam "SK Slovan Bratislava E"]
[BlackTeam "SK Slovan Bratislava D"]

1. d4 Nf6 2. c4 e6 3. Nf3 d5 4. cxd5 exd5 5. Bg5 Be7 6. e3 O-O 7. Bd3 Re8 8.
O-O Nbd7 9. Qc2 c6 10. Nc3 Nf8 11. Bxf6 Bxf6 12. b4 Bg4 13. Nd2 Rc8 14. Rfc1 g6
15. Rab1 Bg7 16. Qa4 a6 17. Qb3 Qg5 18. Kh1 Bxd4 19. f4 Qe7 20. exd4 Qe3 21.
Qc2 Qxd4 22. Re1 Rxe1+ 23. Rxe1 Qxf4 24. a3 Ne6 25. Nxd5 Qg5 26. Ne4 Qh4 27. g3
Bf3+ 28. Kg1 Qd8 29. Ndf6+ Kg7 30. Qc3 Qd4+ 31. Qxd4 Nxd4 32. Nd6 Rb8 33. Nde8+
Kh8 34. Re7 Bd5 35. h4 Be6 36. h5 Nf3+ 37. Kg2 Ne1+ 38. Kh2 Nxd3 39. h6 Ne5 40.
Nd6 Rf8 41. Rxb7 Rd8 42. Re7 Rf8 43. Kg2 g5 44. Ra7 Nc4 45. Nxc4 Bxc4 46. Rd7
Be6 47. Rd6 Rc8 48. Kf2 Bb3 49. Ke3 Bc4 50. Kd4 Bb5 51. Kc5 Rb8 52. Rd7 Rf8 53.
Re7 Ba4 54. Nd7 Rd8 55. Rxf7 Rc8 1-0

[Event "SR 2. liga A 2016/2017"]
[Site "?"]
[Date "2018.01.13"]
[Round "5.2"]
[White "Mikulas, Dusan"]
[Black "Cambel, Vladimir"]
[Result "1/2-1/2"]
[WhiteElo "2058"]
[BlackElo "1997"]
[PlyCount "45"]
[EventDate "2017.??.??"]
[WhiteTeam "SK Slovan Bratislava D"]
[BlackTeam "SK Slovan Bratislava E"]

1. e4 c5 2. Nf3 d6 3. d4 cxd4 4. Nxd4 Nf6 5. Nc3 g6 6. f4 Nc6 7. Nf3 Bg7 8. Bd3
Qb6 9. Qe2 O-O 10. Bd2 Bg4 11. Na4 Qc7 12. Nc3 a6 13. O-O Nd4 14. Qf2 Nxf3+ 15.
gxf3 Bh3 16. Rfe1 b5 17. Qg3 Bd7 18. Kh1 Nh5 19. Qg2 e6 20. Rab1 Kh8 21. Ne2 a5
22. Ng3 Nxg3+ 23. hxg3 1/2-1/2

[Event "SR 2. liga A 2016/2017"]
[Site "?"]
[Date "2018.01.13"]
[Round "5.2"]
[White "Sulek, Viliam"]
[Black "Kolman, Richard"]
[Result "1/2-1/2"]
[WhiteElo "2002"]
[BlackElo "2017"]
[PlyCount "28"]
[EventDate "2017.??.??"]
[WhiteTeam "SK Slovan Bratislava E"]
[BlackTeam "SK Slovan Bratislava D"]

1. e4 d6 2. d4 Nf6 3. Nc3 c6 4. g3 e5 5. Bg2 Qb6 6. Nge2 Be7 7. O-O O-O 8. h3
Nbd7 9. Kh2 Re8 10. b3 Qa6 11. a4 b5 12. Ba3 Qb6 13. a5 Qc7 14. dxe5 dxe5
1/2-1/2

[Event "SR 2. liga A 2016/2017"]
[Site "?"]
[Date "2018.01.13"]
[Round "5.2"]
[White "Hecht, Tomas"]
[Black "Vadila, Ondrej"]
[Result "1/2-1/2"]
[WhiteElo "2007"]
[BlackElo "1979"]
[PlyCount "36"]
[EventDate "2017.??.??"]
[WhiteTeam "SK Slovan Bratislava D"]
[BlackTeam "SK Slovan Bratislava E"]

1. e4 c5 2. c3 Nf6 3. e5 Nd5 4. d4 cxd4 5. Nf3 d6 6. cxd4 Nc6 7. Bc4 Nb6 8. Bb5
dxe5 9. Nxe5 Bd7 10. Nxd7 Qxd7 11. O-O e6 12. Nc3 Be7 13. Qg4 O-O 14. Be3 Rfd8
15. Rad1 Nd5 16. Bh6 Bf8 17. Bg5 Be7 18. Bh6 Bf8 1/2-1/2

[Event "SR 2. liga A 2016/2017"]
[Site "?"]
[Date "2018.01.13"]
[Round "5.3"]
[White "Lanc, Alois"]
[Black "Gasa, Patrik"]
[Result "1-0"]
[WhiteElo "2294"]
[BlackElo "2103"]
[PlyCount "67"]
[EventDate "2017.??.??"]
[WhiteTeam "Lokomotiva Trnava B"]
[BlackTeam "SK Lowe Piestany"]

1. e4 c5 2. Nf3 e6 3. d4 cxd4 4. Nxd4 a6 5. Bd3 Bc5 6. Nb3 Ba7 7. Nc3 Nc6 8.
Qe2 d6 9. Be3 Nf6 10. f4 e5 11. Bxa7 Rxa7 12. O-O Be6 13. Bc4 b5 14. Bxe6 fxe6
15. Rad1 O-O 16. a4 b4 17. Na2 Qb6+ 18. Kh1 Rd7 19. Nac1 exf4 20. Rxf4 Ne5 21.
Nd3 Rdf7 22. a5 Qb7 23. Nd2 Qb5 24. Ra1 Nc6 25. Qe3 Nxa5 26. Qh3 e5 27. Rh4 b3
28. c3 Nc4 29. Nf3 Nxb2 30. Nxb2 Qe2 31. Rg1 Qxb2 32. Ng5 Qf2 33. Rxh7 Nh5 34.
Rh8+ 1-0

[Event "SR 2. liga A 2016/2017"]
[Site "?"]
[Date "2018.01.13"]
[Round "5.3"]
[White "Nemsak, Denis"]
[Black "Kovacocy, Pavol"]
[Result "0-1"]
[WhiteElo "1979"]
[BlackElo "2250"]
[PlyCount "111"]
[EventDate "2017.??.??"]
[WhiteTeam "SK Lowe Piestany"]
[BlackTeam "Lokomotiva Trnava B"]

1. d4 g6 2. c4 Bg7 3. e4 d6 4. Nc3 e5 5. dxe5 dxe5 6. Qxd8+ Kxd8 7. f4 Be6 8.
Nf3 Nc6 9. fxe5 h6 10. h4 Nxe5 11. Bf4 Nxf3+ 12. gxf3 Bxc3+ 13. bxc3 a5 14.
O-O-O+ Kc8 15. Bh3 Ra6 16. Bxe6+ Rxe6 17. Rd5 b6 18. Rhd1 Nf6 19. Re5 Rhe8 20.
Rxe6 Rxe6 21. Bxh6 Rc6 22. Rd4 Nd7 23. f4 Nc5 24. Kd2 Ne6 25. Kd3 Nxd4 26. cxd4
Re6 27. d5 Re8 28. e5 Kd7 29. Ke4 f5+ 30. Kd4 c6 31. a4 Rc8 32. Bg7 cxd5 33.
cxd5 Rc1 34. e6+ Ke7 35. Bh6 Ra1 36. Kc4 Rxa4+ 37. Kb5 Rb4+ 38. Kc6 Rc4+ 39.
Kxb6 Kd6 40. Kxa5 Kxd5 41. e7 Re4 42. Bg5 Kc6 43. Bf6 Kd7 44. Bg5 Rxe7 45. Kb5
Re4 46. Kc5 Ke6 47. Bh6 Kd7 48. Bg5 Ra4 49. Kd5 Ra5+ 50. Kd4 Kd6 51. Bh6 Ra4+
52. Ke3 Kd5 53. Bf8 Ra8 54. Bb4 Rb8 55. Bc3 Rb3 56. Kd3 0-1

[Event "SR 2. liga A 2016/2017"]
[Site "?"]
[Date "2018.01.13"]
[Round "5.3"]
[White "Kavon, Rastislav"]
[Black "Bincik, Pavol"]
[Result "1-0"]
[WhiteElo "2202"]
[BlackElo "1938"]
[PlyCount "81"]
[EventDate "2017.??.??"]
[WhiteTeam "Lokomotiva Trnava B"]
[BlackTeam "SK Lowe Piestany"]

1. e4 c6 2. d4 d5 3. Nc3 dxe4 4. Nxe4 Bf5 5. Ng3 Bg6 6. h4 h6 7. Nf3 Nd7 8. h5
Bh7 9. Bd3 Bxd3 10. Qxd3 Ngf6 11. Bd2 e6 12. O-O-O Qc7 13. Ne4 Nxe4 14. Qxe4
Nf6 15. Qe2 O-O-O 16. g3 Bd6 17. c4 c5 18. Bc3 Rhe8 19. Kb1 Kb8 20. b3 Kc8 21.
Rh4 cxd4 22. Nxd4 a6 23. Rd2 Rd7 24. Rc2 Bc5 25. b4 Bxd4 26. Bxd4 e5 27. Bc3
Rde7 28. b5 Kb8 29. Bb4 Re6 30. a4 Rc8 31. c5 Nd5 32. Qd2 Qd7 33. Qd3 Rd8 34.
Ba5 Rc8 35. Qb3 Ne7 36. Rd2 Qe8 37. c6 Nxc6 38. bxc6 Rexc6 39. Rb2 b6 40. Rb4
Rc1+ 41. Ka2 1-0

[Event "SR 2. liga A 2016/2017"]
[Site "?"]
[Date "2018.01.13"]
[Round "5.3"]
[White "Mihalik, Marek"]
[Black "Puskar, Peter"]
[Result "0-1"]
[WhiteElo "2004"]
[BlackElo "2186"]
[PlyCount "74"]
[EventDate "2017.??.??"]
[WhiteTeam "SK Lowe Piestany"]
[BlackTeam "Lokomotiva Trnava B"]

1. d4 d5 2. c4 e6 3. Nc3 Nf6 4. Bg5 Be7 5. e3 O-O 6. Qc2 Nbd7 7. Nf3 c6 8. a3
Re8 9. Rd1 a6 10. h3 b5 11. c5 Bb7 12. Bd3 Nf8 13. O-O N6d7 14. Bxe7 Qxe7 15.
e4 Ng6 16. exd5 exd5 17. Rfe1 Qf6 18. Re2 Rxe2 19. Nxe2 Re8 20. Ng3 Ndf8 21.
Nf5 Bc8 22. Nd6 Rd8 23. Qc3 Bxh3 24. Bxg6 Qxg6 25. Nh4 Qh5 26. Rd3 Be6 27. Nf3
Ng6 28. Qa5 Rf8 29. Qxa6 Nf4 30. Re3 Nxg2 31. Rxe6 fxe6 32. Ne5 Nh4 33. Nxc6
Qd1+ 34. Kh2 Rxf2+ 35. Kh3 Qf3+ 36. Kxh4 Rh2+ 37. Kg5 Rh5# 0-1

[Event "SR 2. liga A 2016/2017"]
[Site "?"]
[Date "2018.01.13"]
[Round "5.3"]
[White "Liptak, Dusan"]
[Black "Manak, Jozef"]
[Result "1-0"]
[WhiteElo "2133"]
[BlackElo "1959"]
[PlyCount "101"]
[EventDate "2017.??.??"]
[WhiteTeam "Lokomotiva Trnava B"]
[BlackTeam "SK Lowe Piestany"]

1. d4 d5 2. c4 e6 3. Nc3 Nf6 4. Nf3 Be7 5. Bf4 O-O 6. e3 a6 7. c5 Ne4 8. Nxe4
dxe4 9. Nd2 f5 10. h4 Bf6 11. g4 Nc6 12. Bc4 Kh8 13. Bg3 b6 14. cxb6 cxb6 15.
Rc1 Na5 16. Be2 Rf7 17. g5 Be7 18. Bc7 Qd5 19. Bxb6 Bb4 20. b3 Nb7 21. Rc4 Qd6
22. Qc2 Qxb6 23. Rxc8+ Rxc8 24. Qxc8+ Nd8 25. Qc2 Rc7 26. Bc4 e5 27. d5 Qd6 28.
Kd1 Nb7 29. f3 Bxd2 30. Kxd2 Nc5 31. fxe4 Nxe4+ 32. Kc1 Qc5 33. Re1 Qb4 34. Re2
Nd6 35. Kd1 e4 36. Qd2 Qb6 37. Qc3 Nxc4 38. bxc4 Qb1+ 39. Qc1 Qd3+ 40. Ke1 Rxc4
41. Qb2 Rc8 42. h5 Kg8 43. h6 Qc3+ 44. Kf2 Qxb2 45. Rxb2 gxh6 46. gxh6 Rd8 47.
Rd2 Rd6 48. Kg3 Kf7 49. Kf4 Rxh6 50. Kxf5 Rh4 51. Rd4 1-0